[Event "Nis Svetosavski op 4th"]
[Site "Nis"]
[Date "2014.02.21"]
[Round "1"]
[White "Zivkovic, Marko"]
[Black "Gagic, Miroljub"]
[Result "1/2-1/2"]
[WhiteElo "2192"]
[BlackElo "1891"]
[PlyCount "150"]
[EventDate "2014.02.21"]
[EventType "swiss"]
[EventRounds "5"]
[EventCountry "SRB"]
[SourceTitle "CBM 159 Extra"]
[Source "ChessBase"]
[SourceDate "2014.04.24"]
[SourceVersion "1"]
[SourceVersionDate "2014.04.24"]
[SourceQuality "1"]

1. d4 Nf6 2. Bg5 e6 3. Nf3 c5 4. c3 cxd4 5. cxd4 b6 6. e3 Be7 7. Nc3 Bb7 8. Bd3 0-0 9. 0-0 d6 10. Rc1 a6 11. e4 Nbd7 12. Re1 Rc8 13. a4 h6 14. Bxf6 Bxf6 15. Qe2 Ra8 16. Rcd1 Qc7 17. Rc1 Qb8 18. Qe3 Qa7 19. e5 dxe5 20. Nxe5 Nxe5 21. dxe5 Be7 22. Ne4 Bxe4 23. Qxe4 g6 24. Rc6 a5 25. Qe3 Bg5 26. Qxb6 Rfb8 27. Qxa7 Rxa7 28. Bb5 Rd8 29. Rc2 Rd2 30. Rxd2 Bxd2 31. Rd1 Bb4 32. Rd8+ Kg7 33. Rc8 Rb7 34. g3 h5 35. Kg2 Bd2 36. Kf3 Kh6 37. Ke2 Bb4 38. Ke3 Kg5 39. h3 Kh6 40. Ke2 Kg7 41. h4 Ra7 42. f3 Be7 43. Kd3 Bb4 44. Ke2 Be7 45. f4 Bb4 46. b3 Be7 47. Kf3 Bb4 48. g4 Be1 49. gxh5 gxh5 50. Rc1 Bxh4 51. Rh1 Be7 52. Rxh5 Rc7 53. Bc4 Rd7 54. f5 exf5 55. Rxf5 Bb4 56. Ke4 Bc3 57. Rf3 Rd4+ 58. Ke3 Rd7 59. Rf5 Bd2+ 60. Ke4 Bc3 61. Bd5 Re7 62. Rg5+ Kh6 63. Rf5 Kg7 64. Bc4 Kg6 65. Rf6+ Kg7 66. Rf5 Kg6 67. Kf4 Bd2+ 68. Kg4 Rd7 69. Rf6+ Kg7 70. Kf5 Bc3 71. Rd6 Re7 72. Rd5 Bb4 73. Rb5 Bc3 74. Ke4 Rd7 75. Rd5 Re7 1/2-1/2

[Event "Paracin-ch"]
[Site "Paracin"]
[Date "2014.01.12"]
[Round "4"]
[White "Gagic, Miroljub"]
[Black "Madic, Zivko"]
[Result "1-0"]
[WhiteElo "1856"]
[BlackElo "2076"]
[PlyCount "59"]
[EventDate "2014.01.10"]
[EventType "swiss"]
[EventRounds "9"]
[EventCountry "SRB"]
[SourceTitle "CBM 158 Extra"]
[Source "ChessBase"]
[SourceDate "2014.02.28"]
[SourceVersion "1"]
[SourceVersionDate "2014.02.28"]
[SourceQuality "1"]

1. Nf3 Nf6 2. g3 g6 3. Bg2 Bg7 4. d4 0-0 5. 0-0 d6 6. b3 c5 7. Bb2 Ne4 8. c4 Nc6 9. e3 Rb8 10. Nfd2 Ng5 11. f4 Nh3+ 12. Kh1 cxd4 13. g4 dxe3 14. Bxg7 Kxg7 15. Ne4 Nf2+ 16. Nxf2 exf2 17. Nc3 Qa5 18. Rc1 Qc5 19. Qf3 h5 20. h3 hxg4 21. hxg4 Rh8+ 22. Bh3 Bd7 23. Ne4 Qa5 24. Kg2 Qxa2 25. Rxf2 Qa3 26. Qc3+ f6 27. Ra1 Qb4 28. Qxb4 Nxb4 29. Kg3 a6 30. Re2 1-0

[Event "SRB Central-ch op-B 6th"]
[Site "Paracin"]
[Date "2013.07.12"]
[Round "9"]
[White "Djordjevic, Lazar"]
[Black "Gagic, Miroljub"]
[Result "0-1"]
[WhiteElo "1683"]
[BlackElo "1849"]
[PlyCount "96"]
[EventDate "2013.07.05"]
[EventType "swiss"]
[EventRounds "9"]
[EventCountry "SRB"]
[SourceTitle "CBM 155 Extra"]
[Source "ChessBase"]
[SourceDate "2013.08.26"]
[SourceVersion "1"]
[SourceVersionDate "2013.08.26"]
[SourceQuality "1"]

1. e4 d6 2. d4 Nf6 3. Nc3 e5 4. Nf3 Nbd7 5. Bc4 h6 6. 0-0 c6 7. a4 g5 8. dxe5 dxe5 9. Bxg5 hxg5 10. Nxg5 Qb6 11. Nxf7 Rh7 12. Ng5 Re7 13. b3 Nc5 14. Qf3 Bg7 15. Rad1 Bg4 16. Qg3 Bxd1 17. Nxd1 0-0-0 18. Ne3 Bf8 19. Qf3 Nfd7 20. Nf7 Kb8 21. Nxd8 Qxd8 22. Rd1 Qe8 23. Nf5 Rh7 24. Ng3 a5 25. Qf5 Rh8 26. Bf7 Qe7 27. Bh5 Kc7 28. Qg4 Nf6 29. Qg6 Nxh5 30. Nxh5 Kb6 31. Ng3 Qh7 32. Qxh7 Rxh7 33. f3 Ne6 34. Ne2 Kc5 35. g4 b5 36. axb5 Kxb5 37. Kg2 Kb4 38. Ra1 Nc5 39. Rd1 Rd7 40. Rxd7 Nxd7 41. h4 c5 42. Nc1 Kc3 43. Ne2+ Kxc2 44. f4 Kxb3 45. g5 exf4 46. Nxf4 a4 47. Ne6 a3 48. g6 Bh6 0-1

[Event "SRB Central-ch op-B 6th"]
[Site "Paracin"]
[Date "2013.07.10"]
[Round "7"]
[White "Arandjelovic, Aleksandar Z"]
[Black "Gagic, Miroljub"]
[Result "0-1"]
[WhiteElo "2042"]
[BlackElo "1849"]
[PlyCount "73"]
[EventDate "2013.07.05"]
[EventType "swiss"]
[EventRounds "9"]
[EventCountry "SRB"]
[SourceTitle "CBM 155 Extra"]
[Source "ChessBase"]
[SourceDate "2013.08.26"]
[SourceVersion "1"]
[SourceVersionDate "2013.08.26"]
[SourceQuality "1"]

1. d4 Nf6 2. c4 e6 3. Nc3 Bb4 4. Bg5 h6 5. Bh4 c5 6. d5 Bxc3+ 7. bxc3 d6 8. e3 e5 9. Qc2 Nbd7 10. Nf3 Qe7 11. Nd2 g5 12. Bg3 Nh5 13. Bd3 Kd8 14. Rb1 Kc7 15. Qa4 Nb6 16. Qa5 Bd7 17. f3 Nxg3 18. hxg3 g4 19. Rh4 gxf3 20. gxf3 e4 21. fxe4 Bg4 22. e5 Bh5 23. exd6+ Kxd6 24. Ne4+ Kd7 25. Rxb6 axb6 26. Qb5+ Kc8 27. Qxb6 Ra6 28. Qb5 Kb8 29. d6 Rxd6 30. Qxc5 Rhd8 31. Nxd6 Qxd6 32. Qxh5 Qxd3 33. Qe5+ Qd6 34. Qg7 Qd2+ 35. Kf1 Qxe3 36. Qxf7 Rd1+ 37. Kg2 0-1

[Event "Srebrno Jezero op-B 7th"]
[Site "Srebrno Jezero"]
[Date "2013.06.16"]
[Round "5"]
[White "Nikic, Dragan"]
[Black "Gagic, Miroljub"]
[Result "0-1"]
[WhiteElo "1857"]
[BlackElo "1849"]
[PlyCount "112"]
[EventDate "2013.06.14"]
[EventType "swiss"]
[EventRounds "9"]
[EventCountry "SRB"]
[SourceTitle "EXT 2014"]
[Source "ChessBase"]
[SourceDate "2013.11.20"]
[SourceVersion "1"]
[SourceVersionDate "2013.11.20"]
[SourceQuality "1"]

1. e4 e5 2. Nf3 Qe7 3. c3 Nf6 4. d3 d6 5. Bg5 h6 6. Bc1 Nc6 7. Be2 g6 8. 0-0 Bg7 9. Nbd2 Nh5 10. Re1 Nf4 11. Bf1 g5 12. Nc4 Bg4 13. Qb3 b6 14. Nfd2 0-0 15. Ne3 Be6 16. Qd1 Qd7 17. g4 Rad8 18. Nf5 Rfe8 19. Nc4 d5 20. Nd2 dxe4 21. dxe4 Bf8 22. Qc2 Kh7 23. Nc4 f6 24. Nce3 Na5 25. b4 Nb7 26. a4 c6 27. Rd1 Qf7 28. Rb1 Rxd1 29. Nxd1 Rd8 30. Nde3 Nd6 31. Nxd6 Rxd6 32. c4 Rd8 33. b5 Qd7 34. h3 h5 35. bxc6 Qxc6 36. Nd5 Kg7 37. Bxf4 exf4 38. gxh5 Bf7 39. Be2 Qe6 40. Bg4 Qd6 41. Qe2 Qe5 42. Rd1 Bd6 43. Qf3 Be8 44. Bf5 Bxa4 45. h6+ Kh8 46. Qh5 Be8 47. Bg6 f3 48. Qxf3 Bxg6 49. Qxf6+ Qxf6 50. Nxf6 Be7 51. Nd5 Bxe4 52. Re1 Bxd5 53. Rxe7 Bxc4 54. Rxa7 Rb8 55. Rg7 b5 56. Rc7 Be6 0-1

[Event "SRB Central-ch op"]
[Site "Pozarevac"]
[Date "2013.02.21"]
[Round "6"]
[White "Gagic, Miroljub"]
[Black "Zajic, Milun"]
[Result "1/2-1/2"]
[WhiteElo "1882"]
[BlackElo "1903"]
[PlyCount "91"]
[EventDate "2013.02.18"]
[EventType "swiss"]
[EventRounds "9"]
[EventCountry "SRB"]
[SourceTitle "CBM 153 Extra"]
[Source "ChessBase"]
[SourceDate "2013.04.22"]
[SourceVersion "1"]
[SourceVersionDate "2013.04.22"]
[SourceQuality "1"]

1. Nf3 Nf6 2. d4 b5 3. g3 Bb7 4. Bg2 e6 5. 0-0 c5 6. Bg5 h6 7. Bf4 a6 8. dxc5 Bxc5 9. Bd6 Qb6 10. Bxc5 Qxc5 11. Nbd2 0-0 12. Nb3 Qc7 13. Qd2 Rd8 14. Rfc1 d6 15. a4 Nc6 16. axb5 axb5 17. Nfd4 Nxd4 18. Nxd4 Rxa1 19. Rxa1 Bxg2 20. Kxg2 e5 21. Nb3 Rc8 22. c3 Qb6 23. f3 d5 24. h3 Rb8 25. Qd3 Qc6 26. Nd2 Re8 27. e4 Rd8 28. Ra5 Qc8 29. Qc2 b4 30. c4 dxc4 31. Nxc4 Rd4 32. b3 Nd7 33. Rb5 Qd8 34. Rd5 Qa8 35. Rxd4 exd4 36. Qd2 Nc5 37. Qxb4 Qa2+ 38. Qd2 Qxb3 39. Qxd4 Qc2+ 40. Kf1 Nd3 41. Kg1 Qd1+ 42. Kh2 Qe2+ 43. Kg1 Ne1 44. Qf2 Nxf3+ 45. Kg2 Qxf2+ 46. Kxf2 1/2-1/2

[Event "SRB Central-ch op"]
[Site "Pozarevac"]
[Date "2013.02.21"]
[Round "5"]
[White "Ratkovic, Petar"]
[Black "Gagic, Miroljub"]
[Result "1-0"]
[WhiteElo "1645"]
[BlackElo "1882"]
[PlyCount "93"]
[EventDate "2013.02.18"]
[EventType "swiss"]
[EventRounds "9"]
[EventCountry "SRB"]
[SourceTitle "CBM 153 Extra"]
[Source "ChessBase"]
[SourceDate "2013.04.22"]
[SourceVersion "1"]
[SourceVersionDate "2013.04.22"]
[SourceQuality "1"]

1. d4 d5 2. c4 e6 3. Nf3 Nf6 4. Nc3 Bb4 5. e3 0-0 6. Bd3 c5 7. 0-0 Nbd7 8. Qc2 Qc7 9. cxd5 exd5 10. dxc5 Bxc5 11. Rd1 Nb6 12. e4 Bg4 13. Nxd5 Nbxd5 14. exd5 Bxf3 15. gxf3 h6 16. Be3 Bd6 17. Qxc7 Bxc7 18. Be4 Bd6 19. Rac1 Rfe8 20. Bc5 Nxe4 21. fxe4 Bxc5 22. Rxc5 Rxe4 23. Rc7 Rb4 24. d6 Rd8 25. d7 Kf8 26. Re1 Rd4 27. Re8+ Rxe8 28. dxe8Q+ Kxe8 29. Rxb7 a5 30. a3 a4 31. Kf1 g6 32. Ke2 Kf8 33. Ke3 Rh4 34. Rb4 Rxh2 35. Rxa4 h5 36. b4 Rh3+ 37. Ke2 Rb3 38. Kd2 Rb2+ 39. Kc3 Rxf2 40. b5 Re2 41. b6 Re6 42. b7 Rb6 43. Ra8+ Kg7 44. b8Q Rxb8 45. Rxb8 h4 46. a4 h3 47. a5 1-0

[Event "SRB Central-ch op"]
[Site "Pozarevac"]
[Date "2013.02.18"]
[Round "1"]
[White "Popovic, Aleksandar M"]
[Black "Gagic, Miroljub"]
[Result "1-0"]
[WhiteElo "2271"]
[BlackElo "1882"]
[PlyCount "101"]
[EventDate "2013.02.18"]
[EventType "swiss"]
[EventRounds "9"]
[EventCountry "SRB"]
[SourceTitle "CBM 153 Extra"]
[Source "ChessBase"]
[SourceDate "2013.04.22"]
[SourceVersion "1"]
[SourceVersionDate "2013.04.22"]
[SourceQuality "1"]

1. g3 g6 2. Bg2 Bg7 3. Nf3 f5 4. c4 Nf6 5. Nc3 d6 6. 0-0 0-0 7. d4 Qe8 8. c5 d5 9. c6 bxc6 10. Bf4 Qd8 11. Qa4 Nfd7 12. Qa5 Nb6 13. Ne5 Bb7 14. Na4 Nxa4 15. Qxa4 Bxe5 16. Bxe5 Nd7 17. Bf4 Nb6 18. Qa5 Qd7 19. b3 Rf6 20. Rac1 Re6 21. Rc2 Nc8 22. Bxc7 Nd6 23. Rfc1 Ne4 24. Be5 Ng5 25. h4 Nf7 26. Bf4 Qd8 27. Bc7 Qd7 28. a4 Kg7 29. Bf4 h6 30. Qd2 Ba6 31. Be5+ Kh7 32. f4 Bb7 33. b4 Rc8 34. Bh3 h5 35. Rc5 Nd6 36. Bg2 Nc4 37. Qd3 Nb2 38. Qc2 Nc4 39. Bf3 Ba6 40. Qc3 Nb6 41. Qc2 Nc4 42. Kf2 Nb6 43. Bg2 Nc4 44. e3 Qb7 45. b5 cxb5 46. axb5 Bxb5 47. Bxd5 Qa6 48. Bxc4 Rec6 49. Bd5 Bd3 50. Rxc6 Rxc6 51. Qxc6 1-0